[Event "RUS-Cup4"]
[Site "Perm"]
[Date "1997.??.??"]
[Round "8"]
[White "Genba, Vladimir"]
[Black "Galkin, Alexander"]
[Result "0-1"]
[WhiteElo "2415"]
[BlackElo "2510"]
[Annotator "Tsesarsky,I"]
[PlyCount "104"]
[EventDate "1997.02.02"]
[EventType "swiss"]
[EventRounds "9"]
[EventCountry "RUS"]
[SourceTitle "CBM 058"]
[Source "ChessBase"]
[SourceDate "1997.06.01"]
[SourceVersion "1"]
[SourceVersionDate "1997.06.01"]
[SourceQuality "1"]

1. e4 c6 (1... c5 2. c3 d5 3. exd5 Qxd5 4. d4 Nf6 5. Nf3 Nc6 6. Be3 cxd4 7.
cxd4 e6 8. Nc3 Qd8 9. a3 Be7 10. Bd3 O-O 11. O-O b6 12. Re1 Bb7 13. Bc2 Rc8 14.
Qd3 g6 15. Rad1 Qc7 16. Qe2 $13 {Klinger,J-Georg,M/Zurich op/1993/}) 2. d4 d5
3. exd5 cxd5 4. c4 Nf6 5. Nc3 e6 6. Nf3 Be7 7. cxd5 Nxd5 8. Bd3 Nc6 9. O-O O-O
10. Re1 Nf6 11. a3 b6 12. Bg5 Bb7 13. Bc2 Rc8 14. Qd3 g6 15. Bh6 Re8 16. Rad1
Qc7 (16... Nd5 17. h4 $5 (17. Ne4 $2 Ncb4 $1 $17) 17... Nxc3 18. bxc3 Na5 (
18... Bxa3 $2 19. h5 Ne7 20. Ng5 Nf5 21. hxg6 hxg6 22. Qh3 Be7 23. Nxe6 fxe6
24. Qg4 $1 Kh7 25. Rxe6 $18) (18... Bxh4 $2 19. d5 $1 Na5 20. Ba4 $16) 19. Ba4
Bc6 20. Bxc6 Nxc6 (20... Rxc6 $6 21. Ne5 Rc8 22. h5 Bf8 23. hxg6 hxg6 24. Qh3
$40 Nc4 $140 $2 25. Bxf8 Rxf8 26. Nxc4 Rxc4 27. Rxe6 $1 $16) 21. c4 Na5 (21...
Bf8 $5 22. Bxf8 Rxf8 23. d5 exd5 24. cxd5 $16) 22. h5 Bf6 (22... Nxc4 $5 23.
hxg6 hxg6 24. Rxe6 Bf6 $1 $14) 23. hxg6 hxg6 24. Ne5 $1 Bxe5 25. dxe5 $1 $16 {
1-0 Magomedov,M-Yegiazarian,A/Erevan olm 1996 (59) xf6/}) (16... Bf8 17. Bg5
Be7 18. Ba4 (18. Bh6 Bf8 $10) 18... a6 19. Bxf6 Bxf6 20. d5 exd5 (20... Bxc3 $5
21. dxc6 Qxd3 22. Rxd3 Bxe1 23. cxb7 Rc1 24. Rd1 Rxd1 25. Bxd1 Ba5 26. Ne5 $1
Rb8 27. Bf3 b5 28. Nd7 Bc7 29. Nxb8 $14) 21. Rxe8+ Qxe8 22. Nxd5 Bd8 (22...
Bxb2 $2 23. Re1 Qf8 24. Bxc6 Bxc6 25. Ne7+ $16) 23. h4 $1 $14 {1-0 Tarjan,
J-Browne,W/USA-ch 1977 (49)}) 17. Bb3 $6 (17. Nb5 Qd8 18. Qe2 Bf8 19. Bg5 Be7
20. Bb3 Nd5 21. Bc1 a6 22. Bxd5 exd5 (22... axb5 23. Be4 $14) 23. Nc3 Na5 (
23... Qd7 $11) 24. Ne5 f6 25. Ng4 Qd6 26. Qf3 Rcd8 27. Bf4 Qc6 28. Re2 Bc8 29.
Ne3 Nb3 $4 (29... Be6 $11) 30. Nexd5 {1-0 Martin Gonzalez,A-Busom Isach,C/
Terrassa op 1994}) 17... Na5 18. Ba2 $2 (18. Ba4 $8 Red8 (18... Bc6 19. Nb5 (
19. Bxc6 Nxc6 (19... Qxc6 20. d5 Nxd5 21. Ne5 Qb7 22. Nxd5 exd5 23. Qxd5 Qxd5
24. Rxd5 Bf6 25. Kf1 $11) 20. d5 Nxd5 21. Nxd5 exd5 22. Qxd5 Bf6 $11) 19... Qb7
20. Ne5 Bxg2 $1 (20... a6 21. Nxc6 Nxc6 22. Nc3 b5 23. Bc2 Red8 24. Qf3 Na5 25.
Qxb7 Nxb7 26. d5 Bxa3 27. dxe6 fxe6 (27... Bxb2 28. exf7+ Kxf7 29. Bb3+ Rc4 30.
Rxd8 Nxd8 31. Ne4 $16) 28. Bb3 Nc5 29. Rxd8+ Rxd8 30. bxa3 Nxb3 31. Bg5 Rf8 32.
Rxe6 Re8 33. Rxe8+ Nxe8 $11) 21. Nxa7 Be4 22. Nxc8 Bxd3 23. Bxe8 Nxe8 24. Nxe7+
Qxe7 25. Rxd3 Qh4 $17) 19. Ne5 Nc4 20. Qe2 Nxe5 21. dxe5 Nd7 22. Nb5 Qc6 23.
Qg4 Nc5 24. b3 $5 Rxd1 25. Rxd1 Qe4 26. Qxe4 Bxe4 27. Nxa7 Ra8 28. Nb5 Bc2 29.
Rc1 Bxb3 30. Bxb3 Nxb3 31. Rc7 Bd8 32. Rc6 Na5 33. Rc3 Nb7 $14) (18. Nb5 Qb8
$17) 18... Ng4 $17 19. Bc1 (19. Rxe6 $5 Kh8 $1 (19... Nxh6 20. Rxg6+ hxg6 21.
Qxg6+ Kh8 22. Qxh6+ Kg8 23. Qg6+ Kh8 24. Bxf7 Qf4 25. Qh5+ Kg7 26. Bxe8 Bxf3
27. gxf3 $18) (19... fxe6 20. Bxe6+ Kh8 21. Bxg4 $16) (19... Bxf3 20. Rxg6+ Kh8
21. Bg7+ Kg8 22. Be5+ Kf8 23. Rxg4 $18) (19... Nc4 $1 20. Nb5 (20. Bxc4 Qxc4
21. Qxc4 Rxc4 22. Rxe7 Rxe7 23. Bg5 f6 24. Bc1 Kg7 $17) 20... Qd7 21. Rxe7 Rxe7
22. Bxc4 Bxf3 (22... Nxh6 23. Ne5 Qf5 24. Nxa7 $14) 23. Qxf3 Rxc4 24. Bg5 Re8
25. Qb3 Rcc8 $17) 20. Rxe7 Rxe7 21. d5 Qc5 (21... Nxh6 22. d6) 22. Qd2 Nc4 23.
Bxc4 Qxc4 $17) 19... Bxf3 20. Qxf3 Qxh2+ 21. Kf1 Qh4 (21... Qh5 22. Bf4 Bh4 23.
Rd2 Nc4 24. Rc2 Bg5 $19) 22. Ke2 h5 (22... Nh2 23. Qf4 Qg4+ (23... Qxf4 24.
Bxf4 Ng4) (23... Qh5+ 24. Kd3 $17 (24. f3 $17)) 24. Qxg4 Nxg4 $17) (22... Nc4
23. g3 Qh3 (23... Qh5 24. Rh1 Qf5 25. Qxf5 exf5 26. Bxc4 Rxc4 27. f3 (27. Kd3
Rxc3+ 28. Kxc3 Nxf2 $19) 27... Bf6+ 28. Kf1 Ne3+ 29. Bxe3 Rxe3 30. Nd5 Re6 31.
Nxf6+ Rxf6 32. Ke2 Rd6 33. Ke3 h5 $17) 24. Rh1 Nh2 25. Rxh2 Qxh2 26. Rh1 $16)
23. g3 (23. Bf4 Nc6 24. Ne4 Nf6 25. d5 exd5 (25... Nxe4 26. dxc6 Ng5 27. Bxg5
Qxg5 $19) 26. Bxd5 Nxd5 27. Bg3 Qxe4+ 28. Qxe4 Bxa3 $19) 23... Qf6 24. Qxf6 (
24. Bf4 Nc4 25. Ne4 Qf5 26. Bxc4 Rxc4 $19) 24... Nxf6 25. Kf3 $2 (25. Kd3 Nc6
26. d5 Red8 (26... Rcd8 27. Kc2 exd5 28. Nxd5 Nxd5 29. Bxd5 $15) 27. Ke2 exd5
28. Nxd5 Nxd5 29. Bxd5 Bf6 $17) 25... Bxa3 $19 26. d5 exd5 27. Nxd5 Nxd5 28.
Rxe8+ Rxe8 29. Bxd5 Bf8 (29... Bb4 30. Bd2 (30. Be3 Kg7 $19) 30... Bxd2 31.
Rxd2 Re7 $19) 30. Bd2 Rc8 31. Rc1 (31. Bxa5 bxa5 32. Ba2 Rc7 33. Rd8 Kg7 $19)
31... Rd8 32. Ke4 (32. Bxa5 Rxd5 $19) 32... Nb3 (32... Nb7 33. Be3 Nd6+ 34. Kf3
Nf5 35. Rd1 Nxe3 36. Kxe3 Bd6 $19) 33. Bxb3 Rxd2 34. Rc2 Rxc2 35. Bxc2 Bb4 (
35... f5+ 36. Kd5 Kf7 $19) 36. f4 (36. f3 Be1 37. g4 h4 $19) 36... Be1 37. Kf3
f5 38. Ba4 Kf7 39. Bd7 Kf6 40. Bc8 (40. Be8 h4 41. gxh4 Bxh4 $19) 40... a5 41.
Kg2 h4 42. gxh4 Bxh4 43. Kf3 g5 44. fxg5+ Bxg5 45. b3 Ke5 46. Ke2 (46. Bd7 Be7
47. Be8 f4 48. Bd7 Bd6 49. Bc6 Kd4 50. Be8 Kc3 51. Bf7 b5 52. Be8 Kb4 53. Ke4
a4 54. bxa4 bxa4 $19) 46... Ke4 47. Bd7 f4 48. Bc6+ Kd4 49. Kf3 Kd3 50. Bd5 b5
51. Kg4 Bh6 52. Kh5 Bf8 0-1

[Event "FRA-ch 54th"]
[Site "Courchevel"]
[Date "1979.08.27"]
[Round "7"]
[White "Seret, Jean Luc"]
[Black "Goldenberg, Richard"]
[Result "1/2-1/2"]
[WhiteElo "2340"]
[BlackElo "2300"]
[Annotator "Villeneuve,A/Primel,D"]
[PlyCount "53"]
[EventDate "1979.08.20"]
[EventType "swiss"]
[EventRounds "11"]
[EventCountry "FRA"]
[SourceTitle "EXT 2009"]
[Source "ChessBase"]
[SourceDate "2008.11.26"]
[SourceVersion "1"]
[SourceVersionDate "2008.11.26"]
[SourceQuality "1"]

1. e4 c5 2. Nf3 e6 3. c3 Nf6 4. e5 Nd5 5. d4 cxd4 6. cxd4 b6 (6... d6 {La
grande variante mais b6 était trés populaire pendant le tournoi} 7. a3 Bd7 $1 {
[%cal Gd7c6]} 8. Bd3 Bc6 9. O-O Nd7 $11 10. Re1 {Dvoretzky,M (2495)
-Polugaevsky,L (2645) URS-ch43 Yerevan 1975 1-0}) 7. Bd3 Bb4+ 8. Bd2 Bxd2+ 9.
Qxd2 O-O $146 ({RR} 9... Na6 10. Nc3 Nac7 11. Ng5 h6 12. Nge4 O-O 13. O-O Nxc3
14. bxc3 d5 15. Nf6+ Kh8 16. Rae1 Ne8 17. Ng4 Qh4 18. Qd1 h5 19. Ne3 g6 20. f4
Ng7 21. g3 Qd8 22. g4 a5 23. Rf3 Ba6 24. Bb1 {Sveshnikov,E (2545)-Boensch,U 
(2460)/Cienfuegos 1979/MCL/1-0 (35)}) (9... Ba6 $142 10. Be4 Nc6 11. Bxd5 exd5
12. Nc3 Nb4 {[%csl Rd3]} 13. a3 Nd3+ 14. Kd1 $13) 10. Be4 Bb7 11. Nc3 Bc6 $6 (
11... d6 $142) 12. Bxd5 Bxd5 13. Nxd5 exd5 14. O-O Nc6 15. Rfe1 Rc8 (15... d6)
16. Rac1 Qe7 17. Rc3 Na5 18. Rec1 Rc6 (18... Nc4 19. Qc2 {[%cal Gb2b3]} Rc6)
19. Qd3 Rfc8 20. g3 h6 21. Nh4 {[%csl Gf5]} Rxc3 22. Rxc3 Rxc3 23. Qxc3 Nc6 24.
Ng2 (24. a3 f6 25. Ng6 Qe8) (24. Nf5 Qe6 (24... Qg5 $143 25. Qf3)) 24... Qb4
25. Ne3 Qxd4 26. Qxd4 Nxd4 27. f4 {[%cal Ge3d5]} (27. Nxd5 Nf3+ 28. Kg2 Nxe5)
1/2-1/2

[Event "Berlin Mephisto 1st"]
[Site "Berlin East"]
[Date "1990.05.17"]
[Round "2"]
[White "Smagin, Sergey"]
[Black "Vogt, Lothar"]
[Result "1/2-1/2"]
[WhiteElo "2520"]
[BlackElo "2500"]
[Annotator "Vogt,L"]
[PlyCount "96"]
[EventDate "1990.05.16"]
[EventType "tourn"]
[EventRounds "9"]
[EventCountry "DDR"]
[EventCategory "11"]
[SourceTitle "EXT 1997"]
[Source "ChessBase"]
[SourceDate "1996.11.15"]
[SourceVersion "1"]
[SourceVersionDate "1996.11.15"]
[SourceQuality "1"]

1. e4 c5 2. Nf3 e6 3. c3 d5 4. exd5 Qxd5 5. d4 Nf6 6. Be3 cxd4 7. cxd4 Nc6 8.
Nc3 Qd6 9. a3 Be7 10. Bd3 O-O 11. Qc2 Bd7 12. O-O Rac8 13. Rad1 Rfd8 14. Ng5 g6
15. Qe2 Qb8 16. Qf3 Be8 17. Qh3 Nxd4 18. Bxg6 hxg6 19. Bxd4 e5 20. Be3 Bc6 21.
Qh6 Rxd1 22. Rxd1 Rd8 23. Re1 Bf8 24. Qh4 Bg7 25. h3 a6 26. Nce4 Bxe4 27. Nxe4
Nxe4 28. Qxe4 b5 29. Rc1 Rc8 30. Rd1 Rd8 31. Rd5 Qa8 32. Rxd8+ Qxd8 33. Qc6
Qd1+ 34. Kh2 Qb3 35. Qxa6 Qxb2 36. a4 bxa4 37. Qxa4 Qb7 38. Qe8+ Kh7 39. Qd8 f5
40. Qh4+ Kg8 41. Bh6 Bxh6 42. Qxh6 Qb6 43. h4 Qxf2 44. Qxg6+ Kf8 45. Qf6+ Kg8
46. Qg5+ Kf7 47. h5 Qf4+ 48. Qxf4 exf4 (48... exf4 49. Kg1 (49. Kh3 Kg7 50. g4
$11) 49... Kf6 50. Kf2 Kg5 $11) 1/2-1/2

[Event "Bonn GSK"]
[Site "Bonn"]
[Date "1994.??.??"]
[Round "1"]
[White "Rozentalis, Eduardas"]
[Black "Wojtkiewicz, Aleksander"]
[Result "1/2-1/2"]
[WhiteElo "2605"]
[BlackElo "2560"]
[Annotator "Von Gleich,A"]
[PlyCount "34"]
[EventDate "1994.??.??"]
[EventType "tourn"]
[EventRounds "9"]
[EventCountry "GER"]
[EventCategory "12"]
[SourceTitle "CBM 040"]
[Source "ChessBase"]
[SourceDate "1994.06.01"]
[SourceVersion "1"]
[SourceVersionDate "1994.06.01"]
[SourceQuality "1"]

1. e4 c5 2. c3 Nf6 3. e5 Nd5 4. g3 d6 5. exd6 e6 6. Bg2 Bxd6 7. Nf3 Nc6 8. d4
cxd4 9. Nxd4 Nxd4 10. Qxd4 O-O 11. O-O Qc7 12. Nd2 Bd7 13. Ne4 Bb5 14. Re1 Be7
15. Ng5 h6 $4 $16 (15... Bc6 16. Qd3 g6) 16. Nf3 $2 (16. Nxe6 $1 fxe6 17. Rxe6
(17. Bxd5 $4 Bc5 18. Bxe6+ (18. Rxe6 Bxd4 19. Re7+ Kh8 20. Rxc7 Bxf2+ 21. Kg2
Bb6 22. Rxb7 Bf1+ (22... Rad8 23. Bb3 Rf2+ 24. Kh3 Bf1+) 23. Kh1 Rad8 24. c4)
18... Kh8) 17... Nxc3 (17... Nb6 18. Qe5 Qc5 (18... Qd7 19. Rxe7 Qd1+ 20. Qe1)
19. Be3 Qxe5 20. Rxe5 $18) (17... Bc5 18. Qxd5 Rxf2 19. Rc6+ Rf7+ 20. Rxc5 Bc6
21. Rxc6 bxc6 22. Qxc6 Qxc6 23. Bxc6 Rd8 24. Bf4) 18. Qxc3 Qxc3 19. bxc3 Bc5
20. Be3 $16) 16... Rad8 17. a4 Ba6 1/2-1/2

[Event "Altensteig"]
[Site "Altensteig"]
[Date "1995.??.??"]
[Round "3"]
[White "Vogt, Lothar"]
[Black "Hracek, Zbynek"]
[Result "0-1"]
[WhiteElo "2475"]
[BlackElo "2635"]
[Annotator "Wahls,M"]
[PlyCount "72"]
[EventDate "1995.08.??"]
[EventType "tourn"]
[EventRounds "11"]
[EventCountry "GER"]
[EventCategory "12"]
[SourceTitle "CBM 049"]
[Source "ChessBase"]
[SourceDate "1995.12.01"]
[SourceVersion "1"]
[SourceVersionDate "1995.12.01"]
[SourceQuality "1"]

1. e4 c5 2. c3 d5 3. exd5 Qxd5 4. d4 Nf6 5. Nf3 Bg4 6. Qa4+ {Der Zug von
Sveshnikov bringt in letzter Zeit nicht die gewünschten Erfolge.Seine
Motivation besteht darin die Stellung zu verschärfen,da Schwarz in der ruhigen
Hauptvariante} (6. Be2 cxd4 7. cxd4 e6 8. Nc3 Qd6 9. O-O Nc6 {über gute
Perspektiven verfügt.Im Vergleich zur Variante 5..e6 entfaltet sein
Damenläufer eine beneidenswerte Aktivität.}) 6... Nbd7 $5 {Dieser Zug scheint
seinen Konkurenten 6..Sc6 und 6..Ld7 allmählich den Rang abzulaufen.} 7. Bc4 {
Von den Alternativen kommt hier besonders} (7. Be2 {in Betracht.Nach} e6 8. Be3
cxd4 (8... Be7 $6 9. h3 Bh5 10. c4 Qc6 11. Qxc6 bxc6 12. Nc3 Rc8 13. O-O-O cxd4
14. Bxd4 Bc5 15. Bxc5 Nxc5 16. g4 Bg6 17. Ne5 Ncd7 18. Nxg6 hxg6 19. f4 Ke7 20.
Bf3 Rhd8 21. Kc2 Nb8 22. Rhe1 Rxd1 23. Nxd1 Rd8 24. Kc3 Nfd7 25. Nf2 Nc5 26. b4
Na4+ 27. Kb3 Rd2 28. Re2 Rxe2 29. Bxe2 Nb6 30. Bf3 N6d7 31. Nd3 Kd6 {Rabiega,
R-Schuh,H/BL 9394 (1994) ;BL 1994/1-0 (54)}) 9. cxd4 Be7 10. Nc3 Qd6 11. O-O
O-O {(Wegner) verfügt Schwarz jedoch über eine ausgesprochen bequeme Stellung.}
) (7. Be3 $6 Bxf3 8. gxf3 cxd4 9. cxd4 e6 $2 {Natürlich muß Schwarz hier
zugreifen.} (9... Qxf3 10. Rg1 Qc6 11. Bb5 {führt jetzt zu unserer Stammpartie
(Anmerkung zum 12.weißen Zug).Weiß besitzt keine Kompensation.}) 10. Nc3 Qf5
11. Rg1 h6 12. Rc1 Be7 13. Rxg7 Kf8 14. Rg1 Nb6 15. Qb5 Qxb5 16. Bxb5 Nfd5 17.
Ne4 Rb8 18. Ke2 f5 19. Nc5 Kf7 20. Nd3 Bd6 21. Ne5+ Bxe5 22. dxe5 a6 23. Bd3
Nd7 24. f4 Rbc8 25. Kd2 Rxc1 26. Rxc1 Rg8 27. Be2 Rd8 28. Bh5+ Kf8 29. Ke2 Rb8
30. Kf3 Rd8 31. Ke2 Rb8 32. Bf3 Kf7 33. a4 Ke8 34. b3 Nf8 35. Bxd5 exd5 36. Rc7
Nd7 37. e6 Nf8 38. Bc5 Ng6 39. Rg7 Nxf4+ 40. Kf3 Nxe6 41. Re7+ {1-0 Sveshnikov,
E-Madsen,D/Gausdal International (07) ;TD 92\08 1992}) 7... Qe4+ 8. Be3 Bxf3 9.
gxf3 {Angesichts der schlechten weißen Ergebnisse nach 9.Sd2 ist diese
Neuerung verständlich.Eine Rehabilitierung der Variante 6.Da4 vermag aber auch
sie nicht herbeizuführen.} (9. Nd2 Qc6 10. Bb5 Bxg2 11. Bxc6 Bxc6 12. Qb3 Bxh1
(12... cxd4 13. Bxd4 Bxh1 $1 (13... e5 $2 {Mit} 14. O-O {statt 14.0-0-0? wie
in der Begegnung Pirrot-Lobron Bundesliga 1995 hätte Weiß laut Wegner eine
unklare Stellung erreichen können:} exd4 15. Rfe1+ Be7 16. Nc4 Nd5 (16... Bd5
17. cxd4) 17. Nd6+ $1 (17. cxd4 O-O) 17... Kf8 18. Rxe7 Kxe7 19. Nxb7) 14. f3
e5 (14... Bg2 $2 15. Qxb7 Rb8 16. Qc6 {ist sehr gut für Weiß.Wegner}) (14...
O-O-O $5 15. Bxa7 (15. Qc4+ Kb8 16. Qf1 e5 17. Bf2 Bxf3 18. Nxf3 Ne4 {Wegner})
(15. Qxf7 e6 $3 16. O-O-O Re8 17. Ne4 Re7 18. Nd6+ Kb8 19. Bxa7+ Ka8 $19 {
Wegner}) 15... Ne5 $1 16. O-O-O (16. Bb6 Rd6 17. O-O-O Bg2 18. Nc4 Rxd1+ 19.
Qxd1 Ned7 $13 {Wegner}) 16... Bg2 17. Bd4 Nc6 {mit aktivem Spiel für Schwarz.
Wegner}) 15. Be3 O-O-O $1 16. Kf2 Bxf3 17. Kxf3 Bc5 {Schwarz steht sehr aktiv.
Wegner}) 13. f3 cxd4 14. cxd4 Bg2 15. Qxb7 (15. Rc1 b6 16. Qa4 e6 17. Rc7 Be7
18. Bg5 Bd8 19. Rxd7 Nxd7 20. Bxd8 Rxd8 $19 {Rabiega-Hracek 2.Bundesliga 1992/
93}) 15... Rd8 $1 $17 16. Bf4 e5 17. dxe5 Nc5 18. Qxa7 Nd3+ 19. Kd1 Bc5 20. Qc7
Nd5 21. Qc6+ Ke7 22. Bg5+ f6 23. exf6+ gxf6 24. Bh6 Kf7 25. a3 Rhe8 {Auf dem
Brett scheint es nur noch schwarze Figuren zu geben!} 26. Qb7+ Re7 27. Qb3 Re1+
28. Kc2 Rxa1 29. Kxd3 Kg6 30. Kc4 Rc1+ {0-1 Braeuning,R-Hracek,Z/Kecskemet (02)
;CBM 29 1992}) 9... Qxf3 10. Rg1 cxd4 11. cxd4 Qc6 12. Qb3 (12. Bb5 $6 Qd6 13.
Nc3 a6 (13... Qxh2 {ist spielbar,aber wohl unnötig riskant.} 14. O-O-O) 14.
O-O-O Rc8 15. Bxd7+ Qxd7 16. Qb3 g6 $19) 12... e6 13. Nc3 Rc8 {Mit diesem Zug
verfolgt der Schwarze zweierlei Absichten.Zum einen begegnet er der Drohung 14.
d5,zum anderen wäre der Springer gefesselt,sollte Weiß einmal auf die Idee
kommen lang zu rochieren.} 14. Bb5 Qd6 15. d5 {Dem Weißen hilft nur noch
schnelles Handeln.} a6 (15... exd5 $6 16. Bxa7) 16. Bxd7+ Qxd7 17. Rd1 (17.
dxe6 fxe6 18. Rd1 Qc6 {Idee b5,Dc4 oder Kf7,Le7}) 17... g6 18. Bd4 (18. dxe6
Qxe6 19. Qxb7 Bc5 20. Nd5 O-O $17 {Der weiße König wird zur Zielscheibe
schwarzer Figuren.}) 18... Bg7 19. Ne4 Nxe4 20. Bxg7 Rg8 21. Bh6 (21. Bd4 $2
Qxd5 $19) (21. Be5 exd5 22. Rxd5 Qe6 23. Bf4 Rc5 24. Rxc5 Nxc5+ 25. Qxe6+ Nxe6
26. Be5 Ke7 $19) 21... exd5 22. Rxd5 Qe6 23. Be3 $6 {Mit} (23. Kf1 {hätte Weiß
noch größeren Widerstand leisten können.Der schwarze Vorteil bewegt sich
danach zwischen deutlich und gewinnbringend.} Rc5 (23... Nf6 24. Rd3 Qxb3 25.
Rxb3 b5 26. Kg2 Rc6 27. Re1+ Kd7 28. Rd3+ Rd6 29. Rxd6+ Kxd6 30. Bf4+) 24. Rxc5
Qxb3 (24... Nxc5 25. Qc3 Ne4 26. Qc7 Qh3+ 27. Ke2 Qxh6 28. Qc8+ Ke7 29. Qxb7+ (
29. Qxg8 Qd2+ 30. Kf3 Qxf2+ 31. Kxe4 Qxg1) 29... Kf8 (29... Kf6 30. Qxe4 Rd8)
30. Qxe4 Qxh2 31. Rh1 Qb8 32. Rxh7) 25. Re5+ Qe6 26. Rxe6+ fxe6 27. Rg4 Nd6)
23... Nf6 24. Rd3 Rc1+ 25. Rd1 Qxb3 26. axb3 Rxd1+ 27. Kxd1 Nd5 $19 28. Bd4 Kd7
29. Kd2 Re8 30. Rc1 Re4 31. Kd3 f5 32. Be3 Nxe3 33. fxe3 Rh4 34. Rc2 Kd6 35.
Rg2 Kd5 36. Rd2 g5 {Wahls} 0-1